000
00261nam a2200121Ia 4500
008
190216s9999||||xx |||||||||||||| ||und||
100
_a
Jain & Kishore
245
0
_a
Fortran 77
260
_b
Mcgraw -hill
300
_a
269
650
_a
Computer
942
_c
BK
999
_c
8899
_d
8899